| 000 | 005270000a22001090004500 | ||
|---|---|---|---|
| 100 | 1 | _aSaravia Ríos, Elizabeth | |
| 245 | 1 | 0 | _aMuseo panóptico : Patrimonio en Ibagué |
| 300 | _aVol.0, núm.23 (Agosto, 2007), Página 32 | ||
| 520 | _aComo ocurrió con el Museo Nacional de Colombia, la vieja cárcel decimonónica de la capital del Tolima será remodelada para albergar un museo. El proyecto ya comenzó y promete ser una revolución cultural en la ciudad. | ||
| 773 | 0 | _tArcadia / Andrés Felipe Solano, Editor | |
| 942 | _cANA | ||
| 999 |
_c62308 _d62308 |
||